00447nam a22001457a 4500003000400000005001700004008004100021040000800062050001600070082001600086100001900102245012000121260005000241300001000291OSt20241104044109.0241104b |||||||| |||| 00| 0 eng d cDLC a658.4 P418I a658.4 P418I aPensak, David  aInnovation for Underdogs:bhow to make the leap from what if to now what/cby David Pensak with Elisabeth Licorish. aFranklin Lakes, NJ:bThe Career Press,c2008. a224p.